000 00620cab a2200205 4500
001 WB3427-06
008 090401t1998 xxu||||| |||| 00| 0 eng d
035 _a(Sirsi) u87427
041 _aeng
245 _aNHBC to expand inspection role
260 _c1998
350 _a0
490 _aBuilding
_v363(8047) 1j July 1998, 9(1)
520 _aThe NHBC aims to expand its influence in the building control market though joint-venture partnerships with local authorities.
650 _aBUILDING CONTROL
_96222
650 _aNHBC
690 _aBUILDING AND CONSTRUCTION-CONTROL
942 _n0
948 _c16/07/1998
999 _c55135
_d55135